[Event "III IRT NAVIDAD ALZIRA 2013"]
[Site "CLUB AJEDREZ ALZIRA, C/ Pedro "]
[Date "2013.12.28"]
[Round "3"]
[White "Gonzalvez Tamarit, Ivan"]
[Black "Madero, Sergio"]
[Result "1/2-1/2"]
[WhiteElo "1645"]
[BlackElo "2127"]
[PlyCount "76"]
[EventDate "2013.12.27"]
[EventRounds "7"]
[EventCountry "ESP"]

1. d4 Nf6 2. c4 g6 3. Nc3 Bg7 4. e4 d6 5. f3 O-O 6. Be3 Na6 7. Nge2 c5 8. d5
Qa5 9. Ng3 Bd7 10. Be2 Nc7 11. Qd2 Rfb8 12. a4 a6 13. O-O Qb4 14. f4 b5 15.
axb5 axb5 16. Nxb5 Qxd2 17. Bxd2 Nxb5 18. cxb5 Ne8 19. Bc3 Bxc3 20. bxc3 h5 21.
c4 h4 22. Nh1 f5 23. Bd3 fxe4 24. Bxe4 Kf7 25. Nf2 Nf6 26. Bd3 e6 27. dxe6+
Bxe6 28. Nh3 Bxh3 29. gxh3 Nd7 30. Be4 Rxa1 31. Rxa1 Nb6 32. Bd3 Kf6 33. Ra6 g5
34. f5 Ke5 35. Kf2 Kd4 36. Be2 Ke5 37. Bd3 Kd4 38. Be2 Ke5 1/2-1/2

[Event "III IRT NAVIDAD ALZIRA 2013"]
[Site "CLUB AJEDREZ ALZIRA, C/ Pedro "]
[Date "2013.12.28"]
[Round "3"]
[White "Pedros Viudes, Santiago"]
[Black "Lario Cortes, Jose Maria"]
[Result "1-0"]
[WhiteElo "1961"]
[BlackElo "1398"]
[PlyCount "87"]
[EventDate "2013.12.27"]
[EventRounds "7"]
[EventCountry "ESP"]

1. Nc3 Nf6 2. e4 d6 3. d4 a6 4. Be2 g6 5. h4 h6 6. Bf4 Bg7 7. Qd2 b5 8. f3 Bb7
9. g4 h5 10. g5 Nfd7 11. Rd1 c5 12. Be3 cxd4 13. Bxd4 Bxd4 14. Qxd4 O-O 15. a3
Nc6 16. Qd2 b4 17. axb4 Nxb4 18. f4 Nc5 19. Bf3 Qc7 20. Nh3 Rad8 21. Qe2 d5 22.
exd5 e6 23. O-O exd5 24. Rd4 a5 25. Bg2 Ba6 26. Qf2 Bxf1 27. Bxf1 Rfe8 28. f5
Ne4 29. Nxe4 Rxe4 30. Nf4 Qxc2 31. Rd2 Qc7 32. Rd4 Qe5 33. Rxe4 dxe4 34. fxg6
Qd4 35. gxf7+ Kxf7 36. g6+ Kf6 37. Nd5+ Ke5 38. Qxd4+ Kxd4 39. Ne7 Nd5 40. Nc6+
Kc5 41. Nxd8 Kd6 42. g7 Nf6 43. Bc4 Ke7 44. Nc6+ 1-0

[Event "III IRT NAVIDAD ALZIRA 2013"]
[Site "CLUB AJEDREZ ALZIRA, C/ Pedro "]
[Date "2013.12.28"]
[Round "3"]
[White "Gomez Sanjuan, Hector Fernando"]
[Black "Ull Molina, Cristian"]
[Result "1-0"]
[WhiteElo "1828"]
[BlackElo "1866"]
[PlyCount "59"]
[EventDate "2013.12.27"]
[EventRounds "7"]
[EventCountry "ESP"]

1. d4 Nf6 2. c4 g6 3. f3 Bg7 4. e4 d6 5. Nc3 Nbd7 6. Nge2 e5 7. d5 a5 8. Bg5
Nc5 9. Qd2 Bd7 10. g4 h5 11. gxh5 Rxh5 12. Ng3 Rh8 13. Be2 Bh3 14. Bf1 Qd7 15.
O-O-O Nh5 16. Nb5 Bxf1 17. Nxh5 Rxh5 18. Rdxf1 Na6 19. Kb1 f6 20. Be3 Nc5 21.
Rhg1 g5 22. Bxc5 dxc5 23. d6 c6 24. Nc7+ Kf7 25. Nxa8 Qd8 26. Nc7 Bf8 27. Rd1
Qd7 28. Qxa5 Bxd6 29. Qxc5 Qxc7 30. Qxd6 1-0

[Event "III IRT NAVIDAD ALZIRA 2013"]
[Site "CLUB AJEDREZ ALZIRA, C/ Pedro "]
[Date "2013.12.28"]
[Round "3"]
[White "Llacer Bosbach, Ana"]
[Black "Cerdan Herraez, Manuel Vicente"]
[Result "1/2-1/2"]
[WhiteElo "1500"]
[BlackElo "1855"]
[PlyCount "35"]
[EventDate "2013.12.27"]
[EventRounds "7"]
[EventCountry "ESP"]

1. d4 g6 2. Nf3 Bg7 3. Bf4 Nf6 4. e3 e6 5. h3 Nd5 6. Bg3 c6 7. c4 Qa5+ 8. Nfd2
Nf6 9. Nc3 O-O 10. Be2 d5 11. O-O Nbd7 12. Rb1 Re8 13. b4 Qd8 14. cxd5 Nxd5 15.
Nxd5 exd5 16. a4 Nf6 17. Be5 Ne4 18. Qc2 1/2-1/2

[Event "III IRT NAVIDAD ALZIRA 2013"]
[Site "CLUB AJEDREZ ALZIRA, C/ Pedro "]
[Date "2013.12.28"]
[Round "4"]
[White "Pena Riasco, Alexander"]
[Black "Garcia Martin, Marta"]
[Result "1-0"]
[WhiteElo "2164"]
[BlackElo "1794"]
[PlyCount "57"]
[EventDate "2013.12.27"]
[EventRounds "7"]
[EventCountry "ESP"]

1. e4 e5 2. Nf3 Nc6 3. Bb5 a6 4. Ba4 Nf6 5. d3 b5 6. Bb3 Be7 7. O-O d6 8. h3
O-O 9. Nc3 Na5 10. Nh2 Nxb3 11. axb3 Be6 12. f4 exf4 13. Bxf4 d5 14. e5 Nd7 15.
Qe2 c5 16. Nf3 Qb6 17. Kh1 Rae8 18. Qf2 f6 19. exf6 Bxf6 20. Qg3 Qc6 21. Bg5
Bxg5 22. Nxg5 Nf6 23. Rfe1 Bc8 24. Ne2 d4 25. Nf4 Nd5 26. Nxd5 Qxd5 27. Rxe8
Rxe8 28. Ne4 Bb7 29. Nf6+ 1-0

[Event "III IRT NAVIDAD ALZIRA 2013"]
[Site "CLUB AJEDREZ ALZIRA, C/ Pedro "]
[Date "2013.12.28"]
[Round "4"]
[White "Colls Gelaberto, Emili"]
[Black "Carrasco Sagredo, Manuel"]
[Result "1-0"]
[WhiteElo "2147"]
[BlackElo "2148"]
[PlyCount "103"]
[EventDate "2013.12.27"]
[EventRounds "7"]
[EventCountry "ESP"]

1. d4 d5 2. Nf3 Nf6 3. c4 e6 4. g3 Bb4+ 5. Bd2 Be7 6. Bg2 O-O 7. Qc2 b6 8. Ne5
Bb7 9. Nc3 Nbd7 10. Rd1 Qc8 11. Nxd7 Qxd7 12. O-O Ba6 13. cxd5 exd5 14. Bg5 c6
15. Rfe1 b5 16. Nb1 Rac8 17. Nd2 c5 18. dxc5 Bxc5 19. Qd3 Ng4 20. Rf1 h6 21.
Be3 Bxe3 22. fxe3 Qe7 23. Bh3 Qxe3+ 24. Qxe3 Nxe3 25. Bxc8 Bxc8 26. Nb3 Nxd1
27. Rxd1 Be6 28. Nd4 Rc8 29. Rd2 b4 30. Kf2 g5 31. Rc2 Rxc2 32. Nxc2 a5 33. Ke3
Bf5 34. Nd4 Bb1 35. a3 bxa3 36. bxa3 Be4 37. Nc6 a4 38. Kd4 Kg7 39. Nb4 Kg6 40.
Na2 Kf5 41. Nc3 Kg4 42. Nxa4 Kh3 43. Ke3 Kxh2 44. Kf2 h5 45. Nc3 h4 46. gxh4 g4
47. e3 d4 48. Nxe4 f5 49. Nd2 f4 50. exf4 g3+ 51. Kf3 g2 52. Ke4 1-0

[Event "III IRT NAVIDAD ALZIRA 2013"]
[Site "CLUB AJEDREZ ALZIRA, C/ Pedro "]
[Date "2013.12.28"]
[Round "4"]
[White "Pedros Viudes, Santiago"]
[Black "Montalban Galvez, Antonio"]
[Result "1/2-1/2"]
[WhiteElo "1961"]
[BlackElo "2183"]
[PlyCount "108"]
[EventDate "2013.12.27"]
[EventRounds "7"]
[EventCountry "ESP"]

1. d4 Nf6 2. Nf3 g6 3. Bf4 Bg7 4. e3 d5 5. c4 c5 6. Nc3 O-O 7. Be2 Nc6 8. O-O
cxd4 9. Nxd4 Nxd4 10. exd4 dxc4 11. Bxc4 Bf5 12. Rc1 Rc8 13. Bb3 Ne4 14. Be3
Nxc3 15. bxc3 Qa5 16. Qf3 b5 17. Rfd1 Qa6 18. Qe2 Qb7 19. c4 bxc4 20. Bxc4 Qb4
21. h3 Qd6 22. d5 a5 23. Qd2 Qb4 24. Qxb4 axb4 25. Bb3 Bb2 26. Rc5 Rfd8 27. f3
Kf8 28. g4 Bd7 29. d6 exd6 30. Rxd6 Be8 31. Rxd8 Rxd8 32. Rc4 Bc3 33. Bc5+ Kg7
34. Bxb4 Bxb4 35. Rxb4 Bc6 36. Rf4 f6 37. Kf2 Rd3 38. h4 h6 39. Ke2 Rc3 40. Kf2
Rd3 41. Bc4 Rc3 42. Bb3 Rd3 43. Ke2 Rc3 44. Be6 Bb7 45. g5 hxg5 46. hxg5 Ba6+
47. Kd2 Rd3+ 48. Kc2 fxg5 49. Rf7+ Kh6 50. Bg4 Rd6 51. a4 Bc4 52. Rd7 Ra6 53.
Rd4 Rxa4 54. Kc3 Bb5 1/2-1/2

[Event "III IRT NAVIDAD ALZIRA 2013"]
[Site "CLUB AJEDREZ ALZIRA, C/ Pedro "]
[Date "2013.12.28"]
[Round "4"]
[White "Ribera Cebolla, Marc"]
[Black "Gomez Sanjuan, Hector Fernando"]
[Result "1-0"]
[WhiteElo "2034"]
[BlackElo "1828"]
[PlyCount "53"]
[EventDate "2013.12.27"]
[EventRounds "7"]
[EventCountry "ESP"]

1. e4 c5 2. Nf3 Nc6 3. d4 cxd4 4. Nxd4 g6 5. c4 Bg7 6. Nc2 Nf6 7. Nc3 d6 8. Be2
O-O 9. O-O Nd7 10. Bd2 a5 11. Qc1 Re8 12. Bh6 Bh8 13. Kh1 Nc5 14. Qe3 Ne6 15.
Rad1 a4 16. f4 Nc7 17. c5 Bg7 18. Bxg7 Kxg7 19. cxd6 exd6 20. Qd3 Ne6 21. Nb5
Nc5 22. Qc3+ Kg8 23. Nxd6 Nd7 24. Nxe8 Qxe8 25. Ne3 Qxe4 26. Ng4 h5 27. Nh6+
1-0

[Event "III IRT NAVIDAD ALZIRA 2013"]
[Site "CLUB AJEDREZ ALZIRA, C/ Pedro "]
[Date "2013.12.28"]
[Round "4"]
[White "Gonzalvez Perales, Jose Luis"]
[Black "Gonzalvez Tamarit, Ivan"]
[Result "1/2-1/2"]
[WhiteElo "1986"]
[BlackElo "1645"]
[PlyCount "86"]
[EventDate "2013.12.27"]
[EventRounds "7"]
[EventCountry "ESP"]

1. e4 c5 2. c3 e6 3. d4 d5 4. e5 Bd7 5. Bd3 Qb6 6. Nf3 Bb5 7. O-O Bxd3 8. Qxd3
Ne7 9. dxc5 Qxc5 10. b3 Ng6 11. Ba3 Qc7 12. Bxf8 Nxf8 13. Na3 Ng6 14. Nb5 Qd7
15. c4 O-O 16. g3 a6 17. Nbd4 Nc6 18. Nxc6 bxc6 19. h4 Qc7 20. Rfe1 Rfb8 21. h5
Ne7 22. Ng5 g6 23. Qf3 Nf5 24. g4 Ng7 25. hxg6 fxg6 26. Qh3 Ne8 27. Nxe6 Qe7
28. cxd5 cxd5 29. Nf4 d4 30. Rac1 Qa3 31. Qf3 Rd8 32. Ne6 Rdb8 33. Nxd4 Qxa2
34. Qd5+ Kg7 35. Qd7+ Kg8 36. Qe6+ Kh8 37. Qf7 Ng7 38. e6 Rf8 39. Rc2 Rxf7 40.
Rxa2 Re7 41. Nc6 Rxe6 42. Rxe6 Nxe6 43. b4 Nc7 1/2-1/2

[Event "III IRT NAVIDAD ALZIRA 2013"]
[Site "CLUB AJEDREZ ALZIRA, C/ Pedro "]
[Date "2013.12.28"]
[Round "4"]
[White "Madero, Sergio"]
[Black "Galiana Fernandez, Adrian"]
[Result "1-0"]
[WhiteElo "2127"]
[BlackElo "1782"]
[PlyCount "67"]
[EventDate "2013.12.27"]
[EventRounds "7"]
[EventCountry "ESP"]

1. Nf3 d5 2. g3 Nf6 3. Bg2 c6 4. O-O Bf5 5. c4 e6 6. d3 Nbd7 7. Nbd2 Bd6 8. Re1
Nc5 9. b4 Ncd7 10. e4 Bg4 11. Qb3 dxe4 12. dxe4 e5 13. h3 Bh5 14. c5 Bc7 15.
Bb2 O-O 16. Nc4 Qe7 17. Qc3 Bxf3 18. Bxf3 a5 19. a3 Rfd8 20. Rad1 h6 21. Nd6
axb4 22. axb4 b5 23. Nf5 Qf8 24. Qb3 g6 25. Nd6 Ne8 26. Nb7 Rdb8 27. Rxd7 Rxb7
28. Bxe5 Rba7 29. Bb2 Ng7 30. e5 Ne6 31. Bxc6 Rb8 32. Red1 Qg7 33. Bd5 Re8 34.
c6 1-0

[Event "III IRT NAVIDAD ALZIRA 2013"]
[Site "CLUB AJEDREZ ALZIRA, C/ Pedro "]
[Date "2013.12.28"]
[Round "4"]
[White "Uran Bermudez, Oliver Kevin"]
[Black "Orti Boix, Miquel Lluis"]
[Result "1-0"]
[WhiteElo "2101"]
[BlackElo "1779"]
[PlyCount "67"]
[EventDate "2013.12.27"]
[EventRounds "7"]
[EventCountry "ESP"]

1. e4 c5 2. Nf3 d6 3. d4 cxd4 4. Nxd4 Nf6 5. Nc3 a6 6. h3 e5 7. Nde2 Be6 8. g4
Be7 9. Bg2 Qc7 10. Be3 O-O 11. Qd2 Nfd7 12. O-O Nc6 13. Nd5 Bxd5 14. exd5 Na5
15. b3 b5 16. Ng3 Rfe8 17. g5 Rac8 18. a4 Nb7 19. axb5 axb5 20. c4 Nbc5 21. Qc2
bxc4 22. bxc4 Rb8 23. h4 Rb3 24. h5 Rxe3 25. fxe3 Bxg5 26. Ra3 e4 27. Nf5 Nf6
28. Qf2 Nd3 29. Qg3 h6 30. Nxh6+ Bxh6 31. Rxf6 Kh7 32. Re6 Qc5 33. Bxe4+ Kh8
34. Rxe8# 1-0

[Event "III IRT NAVIDAD ALZIRA 2013"]
[Site "CLUB AJEDREZ ALZIRA, C/ Pedro "]
[Date "2013.12.28"]
[Round "4"]
[White "Fernandez Sanchez, Vicente"]
[Black "Barbero Verdu, Francisco"]
[Result "1-0"]
[WhiteElo "1765"]
[BlackElo "2077"]
[PlyCount "157"]
[EventDate "2013.12.27"]
[EventRounds "7"]
[EventCountry "ESP"]

1. Nf3 g6 2. c4 c5 3. Nc3 Bg7 4. g3 Nc6 5. Bg2 Nf6 6. O-O O-O 7. b3 d6 8. Bb2
e5 9. e3 Bg4 10. h3 Bxf3 11. Bxf3 Qd7 12. Bg2 Rab8 13. Ne2 Ne8 14. d4 Qc7 15.
dxc5 dxc5 16. Nc3 Rd8 17. Nd5 Qb8 18. Qc2 Nc7 19. a3 b6 20. Rad1 Nxd5 21. Rxd5
Rxd5 22. Bxd5 Ne7 23. Rd1 Rd8 24. Qe4 Kf8 25. Qf3 Nxd5 26. Rxd5 Ke7 27. Qe4
Rxd5 28. Qxd5 Qd6 29. e4 Qxd5 30. exd5 Kd6 31. g4 Bh6 32. Kg2 Bd2 33. Kf3 f5
34. gxf5 gxf5 35. h4 h5 36. Ke2 Bh6 37. Kd1 Bf8 38. Bc1 f4 39. f3 Be7 40. Bd2
Bxh4 41. Be1 Bg3 42. Ke2 h4 43. Bc3 h3 44. Kf1 a6 45. a4 b5 46. cxb5 axb5 47.
a5 Kxd5 48. Bxe5 Kc6 49. Bc3 c4 50. b4 Kd5 51. Kg1 Kc6 52. Kf1 Kd6 53. Kg1 Kd5
54. Kf1 h2 55. Kg2 Kc6 56. Kh1 Kd6 57. Kg2 Kd5 58. Kh1 Bf2 59. Kxh2 Be3 60. Kh3
Bd4 61. Bxd4 Kxd4 62. a6 c3 63. a7 c2 64. a8=Q c1=Q 65. Qe4+ Kc3 66. Qc6+ Kd2
67. Qxb5 Qc8+ 68. Kh4 Ke3 69. Qc5+ Qxc5 70. bxc5 Kxf3 71. c6 Ke2 72. c7 f3 73.
c8=Q f2 74. Qe6+ Kd2 75. Qf5 Ke2 76. Qe4+ Kd2 77. Qf3 Ke1 78. Qe3+ Kf1 79. Kg3
1-0

[Event "III IRT NAVIDAD ALZIRA 2013"]
[Site "CLUB AJEDREZ ALZIRA, C/ Pedro "]
[Date "2013.12.28"]
[Round "4"]
[White "Llopis Domenech, Joan"]
[Black "Benavent Espi, Vicente"]
[Result "0-1"]
[WhiteElo "1743"]
[BlackElo "1934"]
[PlyCount "50"]
[EventDate "2013.12.27"]
[EventRounds "7"]
[EventCountry "ESP"]

1. d4 Nf6 2. c4 e5 3. dxe5 Ng4 4. Bf4 Nc6 5. Nf3 Bb4+ 6. Nc3 Qe7 7. Qd5 f6 8.
exf6 Nxf6 9. Qd3 d6 10. e3 Ne4 11. Be2 Bf5 12. Nd4 Nxc3 13. Nxf5 Nxe2+ 14. Kxe2
Qf6 15. Qc2 O-O 16. g4 Rae8 17. Kf1 Ne5 18. Bxe5 Rxe5 19. e4 g6 20. Ng3 Bc5 21.
Kg2 Qf3+ 22. Kh3 h5 23. Qe2 hxg4+ 24. Kh4 Rh5+ 25. Nxh5 Qh3+ 0-1

[Event "III IRT NAVIDAD ALZIRA 2013"]
[Site "CLUB AJEDREZ ALZIRA, C/ Pedro "]
[Date "2013.12.28"]
[Round "4"]
[White "Gonzalvez Tamarit, Ruben"]
[Black "Aguado Crespo, Antonio"]
[Result "0-1"]
[WhiteElo "1703"]
[BlackElo "1920"]
[PlyCount "110"]
[EventDate "2013.12.27"]
[EventRounds "7"]
[EventCountry "ESP"]

1. e4 e5 2. Nf3 Nc6 3. d4 exd4 4. Nxd4 Bc5 5. Nb3 Bb6 6. Nc3 Nf6 7. Be2 h6 8.
O-O d6 9. Re1 O-O 10. h3 a5 11. a4 Be6 12. Nd2 Qd7 13. Nf3 Rae8 14. Bd3 Kh8 15.
Be3 Bxe3 16. Rxe3 Nh7 17. e5 dxe5 18. Bxh7 Kxh7 19. Nxe5 Qxd1+ 20. Rxd1 Nb4 21.
Rd2 Bf5 22. Nd3 Rxe3 23. fxe3 Rd8 24. e4 Be6 25. Nb5 c6 26. Na3 c5 27. Rd1 Nxc2
28. Nxc2 Bb3 29. Rd2 c4 30. Nce1 cxd3 31. Rxd3 Rxd3 32. Nxd3 Bxa4 33. Ne5 f6
34. Nc4 Bc6 35. Nxa5 Bxe4 36. Nc4 g6 37. Kf2 Kg7 38. g3 Bc6 39. Ke3 Kf7 40. Kf4
Ke6 41. Ke3 f5 42. Nd2 Kd5 43. Nf3 Kc5 44. h4 Bxf3 45. Kxf3 Kd4 46. Kf4 b5 47.
h5 gxh5 48. Kxf5 Ke3 49. Kg6 Kf3 50. Kxh6 Kxg3 51. Kxh5 Kf4 52. Kh4 Ke3 53. Kg3
b4 54. b3 Kd3 55. Kf2 Kc3 0-1

[Event "III IRT NAVIDAD ALZIRA 2013"]
[Site "CLUB AJEDREZ ALZIRA, C/ Pedro "]
[Date "2013.12.29"]
[Round "5"]
[White "Colls Gelaberto, Emili"]
[Black "Pena Riasco, Alexander"]
[Result "1/2-1/2"]
[WhiteElo "2147"]
[BlackElo "2164"]
[PlyCount "73"]
[EventDate "2013.12.27"]
[EventRounds "7"]
[EventCountry "ESP"]

1. d4 d5 2. Nf3 Nf6 3. c4 c6 4. Qc2 g6 5. Bf4 Bg7 6. e3 O-O 7. h3 c5 8. dxc5
Qa5+ 9. Nbd2 Nc6 10. Be2 Nb4 11. Qb3 dxc4 12. Bxc4 Bf5 13. Rc1 Ne4 14. Bc7 Qxc7
15. Qxb4 Nxd2 16. Nxd2 Rad8 17. Nf3 a5 18. Qa3 Be4 19. Be2 b5 20. O-O b4 21.
Qb3 Qb7 22. Rfd1 Bc6 23. Qc2 a4 24. b3 Ra8 25. Bf1 Bc3 26. Nd4 Be4 27. Bd3 Bxg2
28. c6 Bxc6 29. Nxc6 Qxc6 30. Be4 axb3 31. axb3 Qf6 32. Bxa8 Rxa8 33. Qe4 Ra5
34. Rd5 Ra2 35. Rc2 Ra1+ 36. Kg2 Kg7 37. Rc5 1/2-1/2

[Event "III IRT NAVIDAD ALZIRA 2013"]
[Site "CLUB AJEDREZ ALZIRA, C/ Pedro "]
[Date "2013.12.29"]
[Round "5"]
[White "Carrasco Sagredo, Manuel"]
[Black "Ribera Cebolla, Marc"]
[Result "1/2-1/2"]
[WhiteElo "2148"]
[BlackElo "2034"]
[PlyCount "89"]
[EventDate "2013.12.27"]
[EventRounds "7"]
[EventCountry "ESP"]

1. e4 c5 2. Ne2 e6 3. d4 cxd4 4. Nxd4 a6 5. Bd3 Bc5 6. Nb3 Be7 7. O-O d6 8. c4
Nf6 9. Nc3 b6 10. Qe2 Nbd7 11. f4 Qc7 12. Bd2 Bb7 13. Nd4 g6 14. b4 e5 15. Nb3
exf4 16. Rac1 f3 17. gxf3 Ne5 18. Be3 Qd8 19. Nd4 Nc6 20. Nxc6 Bxc6 21. Bd4 O-O
22. Nd5 Nxd5 23. cxd5 Bb7 24. Qe3 b5 25. Bc2 Bf6 26. Bb3 Rc8 27. Rxc8 Bxd4 28.
Qxd4 Qg5+ 29. Kf2 Bxc8 30. Ke2 Bh3 31. Rg1 Qf4 32. Rg3 Bd7 33. Kd3 f5 34. e5
Qxe5 35. f4 Qxd4+ 36. Kxd4 Re8 37. Re3 Rxe3 38. Kxe3 Kf7 39. Kf3 Kf6 40. h4 h6
41. Bd1 g5 42. Kg3 gxf4+ 43. Kxf4 Be8 44. Be2 Bf7 45. Bf3 1/2-1/2

[Event "III IRT NAVIDAD ALZIRA 2013"]
[Site "CLUB AJEDREZ ALZIRA, C/ Pedro "]
[Date "2013.12.29"]
[Round "5"]
[White "Montalban Galvez, Antonio"]
[Black "Albert Garrote, Amadeo"]
[Result "1-0"]
[WhiteElo "2183"]
[BlackElo "1877"]
[PlyCount "77"]
[EventDate "2013.12.27"]
[EventRounds "7"]
[EventCountry "ESP"]

1. Nf3 d5 2. c4 c6 3. d4 Nf6 4. Qb3 Qb6 5. Nc3 e6 6. g3 Ne4 7. Bg2 Bb4 8. Bd2
Na6 9. e3 f5 10. O-O Bd7 11. Qc2 Bxc3 12. Bxc3 O-O 13. Ne5 Qd8 14. f3 Nf6 15.
b4 Nc7 16. a4 Rc8 17. Qb3 Qe7 18. Rf2 g5 19. Bf1 Nce8 20. b5 Nd6 21. Bb4 Rfd8
22. Bd3 Be8 23. g4 Bg6 24. gxf5 exf5 25. cxd5 cxd5 26. Rg2 Nd7 27. Qxd5+ Kh8
28. Qxd6 Qg7 29. Nxg6+ hxg6 30. Qe7 Nf6 31. Qxg7+ Kxg7 32. Rxg5 Nd5 33. Bd2 Kf6
34. e4 Ne7 35. d5 Nxd5 36. exf5 Ne7 37. Ra3 gxf5 38. Rg2 Nd5 39. Bg5+ 1-0

[Event "III IRT NAVIDAD ALZIRA 2013"]
[Site "CLUB AJEDREZ ALZIRA, C/ Pedro "]
[Date "2013.12.29"]
[Round "5"]
[White "Cerdan Herraez, Manuel Vicente"]
[Black "Madero, Sergio"]
[Result "0-1"]
[WhiteElo "1855"]
[BlackElo "2127"]
[PlyCount "70"]
[EventDate "2013.12.27"]
[EventRounds "7"]
[EventCountry "ESP"]

1. e4 c5 2. Nc3 a6 3. a4 e6 4. Nf3 Qc7 5. d4 cxd4 6. Nxd4 Nc6 7. Nxc6 Qxc6 8.
Bd3 Bb4 9. Bd2 Nf6 10. Qf3 b6 11. O-O Bb7 12. Rfe1 Rc8 13. Nd5 Bxd2 14. Nxf6+
gxf6 15. Re2 Bg5 16. b4 Ke7 17. b5 Qc3 18. Rb1 a5 19. Qh5 Rhg8 20. Rf1 Bf4 21.
g3 Qd4 22. Kh1 Bb8 23. f3 Rc5 24. Qxh7 Rcc8 25. Qh6 Rh8 26. Qd2 Bxg3 27. Rg2
Bb8 28. Qe2 Bf4 29. c4 Rh3 30. Rff2 Rch8 31. Qc2 d6 32. Qd1 f5 33. Qf1 fxe4 34.
Bxe4 Bxe4 35. fxe4 Qxe4 0-1

[Event "III IRT NAVIDAD ALZIRA 2013"]
[Site "CLUB AJEDREZ ALZIRA, C/ Pedro "]
[Date "2013.12.29"]
[Round "5"]
[White "Pallas I Garrido, Ernest Josep"]
[Black "Uran Bermudez, Oliver Kevin"]
[Result "0-1"]
[WhiteElo "1853"]
[BlackElo "2101"]
[PlyCount "94"]
[EventDate "2013.12.27"]
[EventRounds "7"]
[EventCountry "ESP"]

1. e4 c5 2. Nf3 e6 3. d3 Nc6 4. Nbd2 d5 5. g3 Nf6 6. Bg2 Be7 7. O-O O-O 8. Re1
b5 9. e5 Nd7 10. Nf1 Bb7 11. h4 Re8 12. Bf4 f6 13. c3 fxe5 14. Nxe5 Ndxe5 15.
Bxe5 Nxe5 16. Rxe5 Bf6 17. Re1 Rb8 18. Qg4 Qd6 19. Ne3 Bc6 20. a3 Re7 21. Rac1
Rf8 22. h5 d4 23. Bxc6 dxe3 24. Bf3 exf2+ 25. Kxf2 b4 26. axb4 cxb4 27. d4 bxc3
28. bxc3 a5 29. Ra1 e5 30. Kg2 exd4 31. Rxe7 Bxe7 32. Qxd4 Qxd4 33. cxd4 Rf5
34. g4 Rb5 35. Ra4 Rb2+ 36. Kf1 Bb4 37. Bd5+ Kf8 38. Be6 Ke7 39. d5 Kd6 40. Ra1
h6 41. Rc1 Bc5 42. Ra1 Bb4 43. Rc1 a4 44. Ra1 a3 45. Kg1 a2 46. Bf5 Bc3 47. Kf1
Rh2 0-1

[Event "III IRT NAVIDAD ALZIRA 2013"]
[Site "CLUB AJEDREZ ALZIRA, C/ Pedro "]
[Date "2013.12.29"]
[Round "5"]
[White "Garcia Martin, Marta"]
[Black "Gonzalvez Perales, Jose Luis"]
[Result "0-1"]
[WhiteElo "1794"]
[BlackElo "1986"]
[PlyCount "92"]
[EventDate "2013.12.27"]
[EventRounds "7"]
[EventCountry "ESP"]

1. e4 d5 2. exd5 Qxd5 3. Nc3 Qd6 4. d4 Nf6 5. Nf3 c6 6. h3 Bf5 7. Bd3 Bxd3 8.
Qxd3 e6 9. Bg5 Nbd7 10. Bh4 Qc7 11. Bg3 Bd6 12. Bxd6 Qxd6 13. a3 O-O 14. O-O a5
15. Rad1 b5 16. Ne4 Nxe4 17. Qxe4 Qd5 18. Qe2 Rfd8 19. Ne5 Nxe5 20. dxe5 Qa2
21. Rxd8+ Rxd8 22. Rd1 Rd5 23. c3 h6 24. Rxd5 Qxd5 25. f4 b4 26. axb4 axb4 27.
Kf2 c5 28. Qf3 Qd2+ 29. Kg3 Qxb2 30. Qa8+ Kh7 31. cxb4 Qc3+ 32. Kg4 Qxb4 33.
Qa7 Kg6 34. h4 h5+ 35. Kg3 Qc3+ 36. Kh2 Qd4 37. g3 Qd2+ 38. Kh3 Qc2 39. Qe7
Qf5+ 40. Kh2 c4 41. Qc5 Qd3 42. Qe7 Qe2+ 43. Kg1 Qf3 44. Kh2 c3 45. Qa3 Qe2+
46. Kg1 c2 0-1

[Event "III IRT NAVIDAD ALZIRA 2013"]
[Site "CLUB AJEDREZ ALZIRA, C/ Pedro "]
[Date "2013.12.29"]
[Round "5"]
[White "Gonzalvez Tamarit, Ivan"]
[Black "Pedros Viudes, Santiago"]
[Result "0-1"]
[WhiteElo "1645"]
[BlackElo "1961"]
[PlyCount "106"]
[EventDate "2013.12.27"]
[EventRounds "7"]
[EventCountry "ESP"]

1. d4 Nf6 2. c4 e5 3. dxe5 Ne4 4. e6 dxe6 5. Qxd8+ Kxd8 6. Nf3 Bb4+ 7. Nbd2 Nc6
8. a3 Nxd2 9. Bxd2 Bxd2+ 10. Nxd2 Ke7 11. e3 Rd8 12. Be2 b6 13. Nf3 Bb7 14. O-O
Rd7 15. Rad1 Rad8 16. Rxd7+ Rxd7 17. Rd1 Rxd1+ 18. Bxd1 Na5 19. Nd2 f6 20. b4
Nc6 21. Bf3 a5 22. Nb3 axb4 23. axb4 Nd8 24. Bxb7 Nxb7 25. Kf1 Nd6 26. c5 Nb7
27. cxb6 cxb6 28. Ke2 Kd6 29. Kd3 e5 30. e4 Kc6 31. Nc1 Kb5 32. Kc3 Nd6 33. f3
Nc4 34. Nd3 Ne3 35. Ne1 Nf1 36. h3 Ne3 37. Kd3 Nf1 38. Kc3 Ka4 39. Kc4 b5+ 40.
Kc3 Ng3 41. Nd3 Ne2+ 42. Kd2 Nf4 43. Nb2+ Kxb4 44. g4 Nxh3 45. Ke3 Kc3 46. Nd3
b4 47. g5 Nxg5 48. f4 exf4+ 49. Nxf4 Nxe4 50. Kxe4 b3 51. Ne2+ Kd2 52. Ng1 b2
53. Nf3+ Kd1 0-1

[Event "III IRT NAVIDAD ALZIRA 2013"]
[Site "CLUB AJEDREZ ALZIRA, C/ Pedro "]
[Date "2013.12.29"]
[Round "5"]
[White "Benavent Espi, Vicente"]
[Black "Carrasco Fernandez, Manuel"]
[Result "1/2-1/2"]
[WhiteElo "1934"]
[BlackElo "1836"]
[PlyCount "52"]
[EventDate "2013.12.27"]
[EventRounds "7"]
[EventCountry "ESP"]

1. e4 d5 2. exd5 Qxd5 3. Nc3 Qd6 4. d4 a6 5. Be3 Nc6 6. Bc4 Nf6 7. a3 Bg4 8.
Be2 Bf5 9. d5 Ne5 10. Nf3 Nxf3+ 11. Bxf3 g6 12. Qd2 Bg7 13. Bf4 Qd7 14. Bh6 O-O
15. Bxg7 Kxg7 16. O-O Rad8 17. Rad1 c6 18. Qe2 c5 19. Rfe1 Rfe8 20. h3 Qc7 21.
Rd2 Qf4 22. Qe3 Qc7 23. Red1 Rd6 24. g4 Bc8 25. Qe5 Kg8 26. Ne4 Nxe4 1/2-1/2

[Event "III IRT NAVIDAD ALZIRA 2013"]
[Site "CLUB AJEDREZ ALZIRA, C/ Pedro "]
[Date "2013.12.29"]
[Round "5"]
[White "Aguado Crespo, Antonio"]
[Black "Fernandez Sanchez, Vicente"]
[Result "1-0"]
[WhiteElo "1920"]
[BlackElo "1765"]
[PlyCount "71"]
[EventDate "2013.12.27"]
[EventRounds "7"]
[EventCountry "ESP"]

1. e4 c5 2. Nf3 Nc6 3. Bc4 g6 4. Nc3 Bg7 5. a4 Ne5 6. Nxe5 Bxe5 7. O-O Qc7 8.
h3 e6 9. d3 Bh2+ 10. Kh1 Bf4 11. Nb5 Qb8 12. Bxf4 Qxf4 13. d4 a6 14. g3 Qxe4+
15. f3 Qc6 16. d5 Qb6 17. a5 Qd8 18. Nd6+ Ke7 19. Ne4 Nf6 20. d6+ Kf8 21. Nxc5
Nh5 22. Ne4 f5 23. Qd4 Kf7 24. Kh2 Rf8 25. g4 Nf6 26. gxf5 gxf5 27. Ng3 Rg8 28.
Nxf5 Rg5 29. Nh6+ Kg6 30. Rg1 Kxh6 31. Rxg5 Kxg5 32. Rg1+ Ng4+ 33. Rxg4+ Kh5
34. Qe5+ Kh6 35. Qg7+ Kh5 36. Qxh7# 1-0

[Event "III IRT NAVIDAD ALZIRA 2013"]
[Site "CLUB AJEDREZ ALZIRA, C/ Pedro "]
[Date "2013.12.29"]
[Round "5"]
[White "Fenollar Baenas, Nahim"]
[Black "Castillo Pla, Emilio"]
[Result "0-1"]
[WhiteElo "1738"]
[BlackElo "1917"]
[PlyCount "88"]
[EventDate "2013.12.27"]
[EventRounds "7"]
[EventCountry "ESP"]

1. d4 g6 2. Nf3 Bg7 3. Bf4 d6 4. e3 Nf6 5. h3 O-O 6. c4 Nbd7 7. Nc3 c5 8. Be2
b6 9. O-O Bb7 10. Bh2 cxd4 11. exd4 Rc8 12. Qd3 Nb8 13. b4 Nc6 14. a3 Re8 15.
d5 Nb8 16. Rac1 Nbd7 17. Rfe1 a6 18. Rc2 Rc7 19. Bf1 Qc8 20. Bf4 Nh5 21. Bh2 b5
22. Ne4 bxc4 23. Rxc4 Rxc4 24. Qxc4 Qxc4 25. Bxc4 Rc8 26. Ned2 Kf8 27. Bb3 Nhf6
28. Ne4 Nxe4 29. Rxe4 Nb6 30. g4 Rc3 31. Re3 Rxe3 32. fxe3 Nxd5 33. Kf2 Bb2 34.
Bxd5 Bxd5 35. a4 Bc6 36. b5 axb5 37. axb5 Bxb5 38. Nd4 Ba4 39. g5 e5 40. Ne2
Ke7 41. h4 f5 42. Kf3 Ke6 43. Ng3 Bc6+ 44. Ke2 f4 0-1